Jogadores de futebol que jogaram nos 3 grandes (Benfica, FCPorto e Sporting) - Statistics

Estatísticas Gerais
  • Esse quiz foi jogado 351 vezes
  • A pontuação média é 3 de 8
Estatísticas das Respostas
Hint Resposta % Correto
Paulo Futre
77%
Maniche
53%
Derlei
45%
Fernando Mendes
33%
Eurico Gomes
20%
Peixe
20%
Carlos Alhinho
13%
Romeu
12%
Nenhum quiz correspondente encontrado
Distribuição das Pontuações
Porcentagem de Pessoas com Cada Pontuação
Percentil de Números Respondidos
Sua Pontuação Histórica
Você não jogou esse quiz